LEADER 06220oam 22015614 450 001 9910955862103321 005 20250426110940.0 010 $a9786613873736 010 $a9781462345618 010 $a1462345611 010 $a9781452799469 010 $a1452799466 010 $a9781283561280 010 $a128356128X 010 $a9781451920284 010 $a1451920288 035 $a(CKB)3360000000445091 035 $a(EBL)3012511 035 $a(SSID)ssj0001478958 035 $a(PQKBManifestationID)11781068 035 $a(PQKBTitleCode)TC0001478958 035 $a(PQKBWorkID)11471926 035 $a(PQKB)11741419 035 $a(OCoLC)535146898 035 $a(IMF)WPIEE2352004 035 $a(MiAaPQ)EBC3012511 035 $a(IMF)WPIEA2352004 035 $aWPIEA2352004 035 $a(EXLCZ)993360000000445091 100 $a20020129d2004 uf 0 101 0 $aeng 135 $aur|n|---||||| 181 $ctxt 182 $cc 183 $acr 200 10$aManaging Confidence in Emerging Market Bank Runs /$fAshoka Mody, Se-Jik Kim 205 $a1st ed. 210 1$aWashington, D.C. :$cInternational Monetary Fund,$d2004. 215 $a1 online resource (29 p.) 225 1 $aIMF Working Papers 300 $a"December 2004." 311 08$a9781451875683 311 08$a1451875681 320 $aIncludes bibliographical references (p. 27-28). 327 $a""Contents""; ""I. INTRODUCTION""; ""II. THE BASIC MODEL""; ""III. SIMULTANEOUS VERSUS SEQUENTIAL LIQUIDITY SHORTAGES""; ""IV. EARLY VERSUS LATE BAILOUTS""; ""V. POLITICAL ECONOMY""; ""VI. EXTENSIONS""; ""VII. CONCLUSIONS""; ""References"" 330 3 $aIn a rational-expectations framework, we model depositors' confidence as a function of the probability of future bank bailouts. We analyze the effect of alternative bank bailout policies on depositors' confidence in an emerging market setting, where liquidity shortages of banks are revealed sequentially and governments cannot credibly commit to bailing out all potentially distressed banks. Our findings suggest that allowing early bank failures and using available liquidity for credible commitments to later bailouts can better boost confidence than early bailouts. This conclusion arises because with a high chance of liquidity shortage in the future, depositors may lose confidence and hence withdraw deposits even from potentially sound banks. Such a policy of late bailouts is likely to receive political support when a full bailout needs to be financed by taxation. The logic of late bailout remains valid even when banks may hide their distress or when closures of early distressed banks create contagion. 410 0$aIMF Working Papers; Working Paper ;$vNo. 2004/235 606 $aBank failures$zDeveloping countries$xEconometric models 606 $aLiquidity (Economics)$zDeveloping countries$xEconometric models 606 $aAsset and liability management$2imf 606 $aBank bailouts$2imf 606 $aBanking$2imf 606 $aBanks and Banking$2imf 606 $aBanks and banking$2imf 606 $aBanks$2imf 606 $aBlanket guarantee$2imf 606 $aCapital and Ownership Structure$2imf 606 $aConsumption$2imf 606 $aCrisis management$2imf 606 $aDepository Institutions$2imf 606 $aEconomic & financial crises & disasters$2imf 606 $aEconomics$2imf 606 $aFinance$2imf 606 $aFinance: General$2imf 606 $aFinancial crises$2imf 606 $aFinancial Institutions and Services: Government Policy and Regulation$2imf 606 $aFinancial regulation and supervision$2imf 606 $aFinancial Risk and Risk Management$2imf 606 $aFinancial Risk Management$2imf 606 $aFinancial risk management$2imf 606 $aFinancial services law & regulation$2imf 606 $aFinancing Policy$2imf 606 $aGoodwill$2imf 606 $aInvestment Decisions$2imf 606 $aLiquidity risk$2imf 606 $aLiquidity$2imf 606 $aMacroeconomics$2imf 606 $aMacroeconomics: Consumption$2imf 606 $aMicro Finance Institutions$2imf 606 $aMortgages$2imf 606 $aNational accounts$2imf 606 $aPortfolio Choice$2imf 606 $aSaving$2imf 606 $aValue of Firms$2imf 606 $aWealth$2imf 607 $aKorea, Republic of$2imf 615 0$aBank failures$xEconometric models. 615 0$aLiquidity (Economics)$xEconometric models. 615 7$aAsset and liability management 615 7$aBank bailouts 615 7$aBanking 615 7$aBanks and Banking 615 7$aBanks and banking 615 7$aBanks 615 7$aBlanket guarantee 615 7$aCapital and Ownership Structure 615 7$aConsumption 615 7$aCrisis management 615 7$aDepository Institutions 615 7$aEconomic & financial crises & disasters 615 7$aEconomics 615 7$aFinance 615 7$aFinance: General 615 7$aFinancial crises 615 7$aFinancial Institutions and Services: Government Policy and Regulation 615 7$aFinancial regulation and supervision 615 7$aFinancial Risk and Risk Management 615 7$aFinancial Risk Management 615 7$aFinancial risk management 615 7$aFinancial services law & regulation 615 7$aFinancing Policy 615 7$aGoodwill 615 7$aInvestment Decisions 615 7$aLiquidity risk 615 7$aLiquidity 615 7$aMacroeconomics 615 7$aMacroeconomics: Consumption 615 7$aMicro Finance Institutions 615 7$aMortgages 615 7$aNational accounts 615 7$aPortfolio Choice 615 7$aSaving 615 7$aValue of Firms 615 7$aWealth 700 $aMody$b Ashoka$0888386 701 $aKim$b Se-Jik$01623190 712 02$aInternational Monetary Fund.$bEuropean Dept. 712 02$aInternational Monetary Fund.$bResearch Dept. 801 0$bDcWaIMF 906 $aBOOK 912 $a9910955862103321 996 $aManaging Confidence in Emerging Market Bank Runs$94371316 997 $aUNINA LEADER 01709nam 2200433z- 450 001 9910261136803321 005 20210211 035 $a(CKB)4100000002484724 035 $a(oapen)https://directory.doabooks.org/handle/20.500.12854/40335 035 $a(oapen)doab40335 035 $a(EXLCZ)994100000002484724 100 $a20202102d2017 |y 0 101 0 $aeng 135 $aurmn|---annan 181 $ctxt$2rdacontent 182 $cc$2rdamedia 183 $acr$2rdacarrier 200 00$aAdvances in Plant-Hemipteran Interactions 210 $cFrontiers Media SA$d2017 215 $a1 online resource (236 p.) 225 1 $aFrontiers Research Topics 311 08$a2-88945-321-9 330 $aHemipterans encompass a large group of insect pests of plants that utilize mouthparts which are modified for piercing and consuming fluids from plants. In addition, hemipterans vector viral and bacterial diseases of plants. This book brings together a set of reviews and research papers that showcase the the range of activities being undertaken to advance our understanding of the multi-organismal interaction between plant, hemipterans and microbes. 606 $aBotany & plant sciences$2bicssc 610 $aaphids 610 $ahemipteran saliva 610 $amulti-organismal interaction 610 $apiercing-sucking insects 610 $aplant defense 610 $aresistance genes 610 $asmall RNA 610 $awhiteflies 615 7$aBotany & plant sciences 700 $aLinda Walling$4auth$01325108 702 $aJyoti Shah$4auth 906 $aBOOK 912 $a9910261136803321 996 $aAdvances in Plant-Hemipteran Interactions$93036588 997 $aUNINA LEADER 02570oam 2200565 c 450 001 9911049058203321 005 20260302090207.0 010 $a3-8188-5022-4 024 3 $a9783818850227 035 $a(CKB)43905718900041 035 $a(Waxmann)9783818850227 035 $a(EXLCZ)9943905718900041 100 $a20260302d2025 uy 0 101 0 $ager 135 $aur||||||||||| 181 $ctxt$2rdacontent 182 $cc$2rdamedia 183 $acr$2rdacarrier 200 00$aIn-Between: Einblicke in Forschungs- und Arbeitsfelder der Instrumentalpädagogik /$fKatharina Bradler, Agnes Bickelhaupt, Jonas Brinckmann, Ophelia Euler, Corinna Klepsch, Annemarie Michel, Daniel Prantl, Timea Sari 205 $a1st ed. 210 $aMünster$cWaxmann$d2025 215 $a1 online resource (330 p.) 311 08$a3-8188-0022-7 330 $aWas genau verbirgt sich hinter Instrumental- und Gesangspädagogik (IGP)? Und wie zeigen sich Fachgrenzen? In-Between spielt hier in mehrerlei Hinsicht eine Rolle: So changiert IGP einmal zwischen Kunst und Wissenschaft, einmal zwischen künstlerischer Ausbildung und Lehramt Musik u.a. Die Autor:innen dieses Bandes möchten zur fachspezifischen Weiterentwicklung einer noch jungen hochschulischen Disziplin beitragen. Dabei scheinen Zwischenräume als disziplinäres Konstituens auf. Sechs Nachwuchsforschende geben Einblicke in ihre Forschungsbereiche und mithin die Arbeitsfelder der IGP. Diese kreisen um das Üben, Improvisieren, Musizieren und Beziehen im Kontext von Instrumentalspiel und -unterricht. Der Sammelband richtet sich an interessierte Wissenschaftler:innen und Musiker:innen, (Instrumental- und Gesangs-)Lehrende, Studierende der Musikpädagogik und angrenzender Fachgebiete. 606 $aMusikpädagogik 606 $aInstrument 606 $aMusik 606 $aLehrer 606 $aGesang 606 $aChor 615 4$aMusikpädagogik 615 4$aInstrument 615 4$aMusik 615 4$aLehrer 615 4$aGesang 615 4$aChor 702 $aBradler$b Katharina$4edt 702 $aBickelhaupt$b Agnes$4ctb 702 $aBrinckmann$b Jonas$4ctb 702 $aEuler$b Ophelia$4ctb 702 $aKlepsch$b Corinna$4ctb 702 $aMichel$b Annemarie$4ctb 702 $aPrantl$b Daniel$4ctb 702 $aSari$b Timea$4ctb 801 0$bWaxmann 801 1$bWaxmann 906 $aBOOK 912 $a9911049058203321 996 $aIn-Between: Einblicke in Forschungs- und Arbeitsfelder der Instrumentalpädagogik$94519852 997 $aUNINA